Obi-wan and Anakin mustafar dialogue - Statystyki

Ogólne statystyki
  • Ten quiz został rozwiązany 3 razy
  • Średni wynik to 15 z 24
Statystyki odpowiedzi
Hint Odpowiedź % Poprawnych
I will do what i must
100%
to my new empire
100%
Obi-wan your new empire
100%
Anakin: Don't lecture me Obi-wan
67%
Anakin: Don't make me kill you
67%
have already done that
67%
I do not fear the dark side as you do
67%
I have brought peace freedomjustice and security
67%
Let her go
67%
Obi-wan: Let her go Anakin
67%
Obi-wan Only a sith deals in absolutes
67%
to twist your mind until now
67%
you have allowed thisdark lord
67%
Obi-wan: you have done that yourself
67%
Obi-wan: your anger and your lust for power
67%
Anakin: you turned her against me
67%
Anakin: you will not take her from me
67%
Anakin You will try
67%
Obi-wan: Anakin my allegian is to the republic to democracy
33%
Anakin: If you're not with me then you're my enemy
33%
I see trough the lies of the jedi
33%
until now you have becomethe very thing you swore to destroy
33%
you brought him here to kill me
33%
Anakin: you're with him
33%
Nie znaleziono quizów pasujących do podanych kryteriów
Rozkład punktacji
Procent ludzi z każdym wynikiem
Percentyl według liczby udzielonych odpowiedzi
Twoja historia wyników
Nie rozwiązałeś tego quizu